Kumpulan puisi : apologia

Bibliographic Details
Main Author: Ridzuan Kamis , 1976-
Format: Book
Published: Kuala Lumpur : Institut Terjemahan & Buku Malaysia Berhad , 2017
Subjects:

MARC

LEADER 00000cam a2200000 7i4500
001 0000083704
005 20190603.0
008 190603
020 |a 9789674605421 
041 0 |a Malay 
090 0 0 |a 899.231   |b RID 
100 0 |a Ridzuan Kamis ,   |d 1976- 
245 1 0 |a Kumpulan puisi :   |b apologia   |c Ridzuan Kamis 
260 |a Kuala Lumpur :   |b Institut Terjemahan & Buku Malaysia Berhad ,   |c 2017 
300 |a 86p. ;   |c 18.4cm. 
541 0 0 |c Purchased on 2019   |f 51/2019 DIAN   |h RM20.00 
650 0 |a Malay poetry 
999 |a 0001575853   |b Book   |c Adult Collection   |e Perbadanan Perpustakaan Awam Johor 
999 |a 0001575854   |b Book   |c Adult Collection   |e Perbadanan Perpustakaan Awam Johor 
999 |a 0001575855   |b Book   |c Adult Collection   |e Cawangan Urban Transformation Centre 
999 |a 0001575856   |b Book   |c Adult Collection   |e Cawangan AEON Kulaijaya 
999 |a 0001579260   |b Book   |c Adult Collection   |e Cawangan Batu Pahat 
999 |a 0001579261   |b Book   |c Adult Collection   |e Cawangan Mersing 
999 |a 0001579262   |b Book   |c Adult Collection   |e Cawangan Tmn. Ungku Tun Aminah 
999 |a 0001579263   |b Book   |c Adult Collection   |e Cawangan Muar 
999 |a 0001579264   |b Book   |c Adult Collection   |e Cawangan Segamat 
999 |a 0001579265   |b Book   |c Adult Collection   |e Cawangan Kota Tinggi 
999 |a 0001579266   |b Book   |c Adult Collection   |e Cawangan Sri Merlong 
999 |a 0001579267   |b Book   |c Adult Collection   |e Cawangan Taman Sri Lambak 
999 |a 0001579268   |b Book   |c Adult Collection   |e Cawangan Pontian 
999 |a 0001579269   |b Book   |c Adult Collection   |e Cawangan Bukit Gambir 
999 |a 0001579270   |b Book   |c Adult Collection   |e Cawangan Bandar Tenggara 
999 |a 0001579271   |b Book   |c Adult Collection   |e Cawangan Sri Merlong 
999 |a 0001579272   |b Book   |c Adult Collection   |e Cawangan Tangkak